Aktuálne z autorského práva

Zákon č. 215/2018 Z. z.; zákon č. 185/2015 Z. z.; zákon č. 125/2016 Z. z. Smernica Európskeho parlamentu a Rady 2017/1564/EÚ z 13. septembra 2017. Autorský zákon. Licencie Creative commons.

Salvato in:
Dettagli Bibliografici
Autore principale: Bednárik, Richard
Natura: Capitolo di libro
Lingua:slovacco
Soggetti:
Tags: Aggiungi Tag
Nessun Tag, puoi essere il primo ad aggiungerne!!

MARC

LEADER 00000naa a2200000 4500
001 0250185
005 20190116101958.5
041 0 |a slo 
044 |a SK 
245 1 0 |a Aktuálne z autorského práva  |c Richard Bednárik 
520 |a Zákon č. 215/2018 Z. z.; zákon č. 185/2015 Z. z.; zákon č. 125/2016 Z. z. Smernica Európskeho parlamentu a Rady 2017/1564/EÚ z 13. septembra 2017. Autorský zákon. Licencie Creative commons. 
610 2 0 |a legislatíva 
610 2 0 |a vlastníctvo duševné 
610 2 0 |a právo autorské 
610 2 0 |a smernice 
610 2 0 |a zákony 
610 2 0 |a licencie 
100 1 |a Bednárik, Richard